Регионална библиотека "Любен Каравелов" - Русе

Дневникът на един Дръндьо (Запис номер 523276)

MARC детайли
000 -Лидер
Лидер 01104nam a2200277 a 4500
003 - Код на организацията, давaща контролен номер
Код на организацията, даваща контролен номер BLK
005 - Дата и час на последна редакция
Дата и час на последна редакция 20250730111341.0
008 - Елементи от данни с фиксирана дължина
Елементи с фиксирана дължина 180411b bul|||||r ||||||| ||bul||
020 ## - Международен стандартен номер на книга ISBN
ISBN 9786197560312
040 ## - Източник на каталожния запис
Код на библиотеката BLK
041 ## - Код за език
Език Български
Език за КДБФ Български
080 ## - УДК
УДК текст Американска литература (на САЩ)
УДК код 821.111(73)
УДК – определител -93-32
УДК – код + определител 821.111(73)-93-32
084 ## - Класификационен индекс по друга класификация
Авторски знак Кин - К 54
100 ## - Редна дума - Автор
Автор Кини, Джеф
R(LIN) 309890
245 10 - Сведения за заглавието
Заглавие Дневникът на един Дръндьо
Подзаглавни данни Ч. 1 -
Авторска отговорност Джеф Кини ; прев. Михаил Балабанов.
Том Ч. 19
Заглавие на том Пълна каша
257 ## - Страна на издаване
Страна на създаване/издаване Съединени американски щати
260 ## - Област на издателските данни
Място на издаване София
Име на издателя ДУО ДИЗАЙН
Година на издаване 2024
300 ## - Физическа характеристика
Брой страници 218 с.
Илюстрации с ил.
Размер 21 см
380 ## - Жанр
Жанр Детска худож. лит.
500 ## - Общи забележки
Обща забележка Ориг. загл. Diary of a Wimpy Kid : Hot Mess/ Jeff Kinney
700 ## - Други автори (авторска отговорност)
Друг автор Балабанов, Михаил Петров
Авт. отговорност на др. автор прев.
9 (RLIN) 443003
852 ## - Местоположение
Отдел Детски отдел
Систематично-азбучна сигнатура 821-93/К 54 Д
942 ## - АРТИКУЛИ
Вид на библиотечния документ Книги
Скрит в OPAC Не
Периодичен библиозапис Да
Koha issues (borrowed), all copies 40
944 ## - СЪЗДАВАНЕ И РЕДАКЦИЯ на ЗАПИСА
Създаване/Редакция
Дата на регистрацията/редакция Севдалина Тодорова
Служител, извършил регистрацията/редакцията 30564
Номер на служител Анна Гръцманова
999 ## - СИСТЕМНИ КОНТРОЛНИ НОМЕРА
Koha biblionumber 523276
Koha biblioitemnumber 523276
Наличности
Код за отписване Код за изгубен артикул Източник на класификационната схема Код за повреда Код за отдаване Артикулен № Име на библиотеката - собственик Име на библиотеката, в която се намира в момента Статус (Текущо местоположение) Дата на вписване в системата Местоположение - отдел Цена в лева Инвентарен номер Систематично азбучна сигнатура Баркод Цена в евро Служебен тип на артикула
  Не е изгубен Universal Decimal Classification Не е повреден заемане за дома 956267 Регионална библиотека "Любен Каравелов" Русе Регионална библиотека "Любен Каравелов" Русе Детски отдел 2024-12-12 Детски отдел 13.93 120000915438 821-93/К 54 Д 120000915438 7.12 Книги
  Не е изгубен Universal Decimal Classification Не е повреден заемане за дома 956268 Регионална библиотека "Любен Каравелов" Русе Регионална библиотека "Любен Каравелов" Русе Детски отдел 2024-12-12 Детски отдел 13.93 120000915439 821-93/К 54 Д 120000915439 7.12 Книги
  Не е изгубен Universal Decimal Classification Не е повреден заемане за дома 956269 Регионална библиотека "Любен Каравелов" Русе Регионална библиотека "Любен Каравелов" Русе Детски отдел 2024-12-12 Детски отдел 13.93 120000915435 821-93/К 54 Д 120000915435 7.12 Книги
  Не е изгубен Universal Decimal Classification Не е повреден заемане за дома 956270 Регионална библиотека "Любен Каравелов" Русе Регионална библиотека "Любен Каравелов" Русе Детски отдел 2024-12-12 Детски отдел 13.93 120000915437 821-93/К 54 Д 120000915437 7.12 Книги
  Не е изгубен Universal Decimal Classification Не е повреден заемане за дома 956271 Регионална библиотека "Любен Каравелов" Русе Регионална библиотека "Любен Каравелов" Русе Детски отдел 2024-12-12 Детски отдел 13.93 120000915436 821-93/К 54 Д 120000915436 7.12 Книги
Vip Innovations Ltd, Rousse, Bulgaria 2025